|
|
|
|
| LEADER |
01806nam a2200409 a 4500 |
| 001 |
EBC3138477 |
| 003 |
MiAaPQ |
| 005 |
20200520144314.0 |
| 006 |
m o d | |
| 007 |
cr cn||||||||| |
| 008 |
121213s2013 nyuaf sb 001 0 eng d |
| 010 |
|
|
|z 2012049962
|
| 020 |
|
|
|z 9780801478222 (pbk. : alk. paper)
|
| 020 |
|
|
|a 9780801467837 (electronic bk.)
|
| 035 |
|
|
|a (MiAaPQ)EBC3138477
|
| 035 |
|
|
|a (Au-PeEL)EBL3138477
|
| 035 |
|
|
|a (CaPaEBR)ebr10699922
|
| 035 |
|
|
|a (CaONFJC)MIL681676
|
| 035 |
|
|
|a (OCoLC)849926654
|
| 040 |
|
|
|a MiAaPQ
|c MiAaPQ
|d MiAaPQ
|
| 043 |
|
|
|a n-us---
|
| 050 |
|
4 |
|a HE355
|b .L484 2013
|
| 082 |
0 |
4 |
|a 388.1/22097309045
|2 23
|
| 100 |
1 |
|
|a Lewis, Tom.
|
| 245 |
1 |
0 |
|a Divided highways
|h [electronic resource] :
|b building the interstate highways, transforming American life /
|c Tom Lewis.
|
| 250 |
|
|
|a Upd. ed.
|
| 260 |
|
|
|a Ithaca :
|b Cornell University Press,
|c 2013.
|
| 300 |
|
|
|a xviii, 387 p., [6] p. of plates :
|b ill.
|
| 500 |
|
|
|a First printing, Cornell Papcrbacks, 2013.
|
| 504 |
|
|
|a Includes bibliographical references and index.
|
| 505 |
0 |
|
|a The chief -- Mastering nature -- The dreamway -- The GI and the general -- A grand plan -- The great puzzle -- Lines of desire -- Revolt -- Busting the trust -- New rules -- Continental drift -- The greatest of improvements -- Buried desires.
|
| 533 |
|
|
|a Electronic reproduction. Ann Arbor, MI : ProQuest, 2015. Available via World Wide Web. Access may be limited to ProQuest affiliated libraries.
|
| 650 |
|
0 |
|a Roads
|x Social aspects
|z United States
|x History.
|
| 650 |
|
0 |
|a Transportation, Automotive
|x Social aspects
|z United States
|x History.
|
| 655 |
|
4 |
|a Electronic books.
|
| 710 |
2 |
|
|a ProQuest (Firm)
|
| 856 |
4 |
0 |
|u https://ebookcentral.proquest.com/lib/matrademy/detail.action?docID=3138477
|z Click to View
|